Физико-технические основы ресурсосбережения при разрушении горных пород

Dades bibliogràfiques
Autor principal: Гончаров С. А. Степан Алексеевич
Autor corporatiu: Московский государственный горный университет (МГГУ)
Sumari:Рассмотрены энергозатраты по процессам добычи и переработки руд, изложены стратегические и тактические задачи ресурсосбережения при разрушении горных пород. Приведены математические модели ресурсосберегающих способов разрушения горных пород на всех стадиях добычи и переработки руд: бурении, взрывной отбойки от массива, дроблении и измельчении.Для специалистов горной отрасли. Может быть полезна для студентов высших учебных заведений, обучающихся по специальности «Физические процессы горного или нефтегазового производства» при изучении дисциплины «Разрушение горных пород».
Idioma:rus
Publicat: Москва, Изд-во Московского гос. горного ун-та, 2007
Matèries:
Format: MixedMaterials Llibre
KOHA link:https://koha.lib.tpu.ru/cgi-bin/koha/opac-detail.pl?biblionumber=122775

MARC

LEADER 00000nam0a2200000 4500
001 122775
005 20231101215750.0
010 |a 9785741804827 
035 |a (RuTPU)RU\TPU\book\132918 
090 |a 122775 
100 |a 20071008d2007 km y0rusy50 ca 
101 0 |a rus 
102 |a RU 
105 |a a z 001zy 
200 1 |a Физико-технические основы ресурсосбережения при разрушении горных пород  |f С. А. Гончаров  |g Московский государственный горный университет (МГГУ) 
210 |a Москва  |c Изд-во Московского гос. горного ун-та  |d 2007 
215 |a 211 с.  |c ил. 
320 |a Литература: с. 206-208. 
330 |a Рассмотрены энергозатраты по процессам добычи и переработки руд, изложены стратегические и тактические задачи ресурсосбережения при разрушении горных пород. Приведены математические модели ресурсосберегающих способов разрушения горных пород на всех стадиях добычи и переработки руд: бурении, взрывной отбойки от массива, дроблении и измельчении.Для специалистов горной отрасли. Может быть полезна для студентов высших учебных заведений, обучающихся по специальности «Физические процессы горного или нефтегазового производства» при изучении дисциплины «Разрушение горных пород». 
606 1 |a Горные породы  |x Разрушение  |x Физический способ  |2 stltpush  |3 (RuTPU)RU\TPU\subj\8038  |9 35532 
610 1 |a горное дело 
610 1 |a физические способы 
610 1 |a руды 
610 1 |a добыча 
610 1 |a переработка 
610 1 |a энергозатраты 
610 1 |a ресурсосберегающие технологии 
610 1 |a карьеры 
610 1 |a слоистые руды 
610 1 |a взрывная отбойка 
610 1 |a дробление 
610 1 |a измельчение 
610 1 |a энергетические показатели 
610 1 |a магнитострикция 
610 1 |a импульсная электромагнитная обработка 
610 1 |a разупрочнение 
610 1 |a применение 
610 1 |a переменные электромагнитные поля 
675 |a 622.236.2  |v 3 
700 1 |a Гончаров  |b С. А.  |g Степан Алексеевич 
712 0 2 |a Московский государственный горный университет (МГГУ)  |c (1993- )  |2 stltpush  |3 (RuTPU)RU\TPU\col\453 
801 1 |a RU  |b 63413507  |c 20071008  |g PSBO 
801 2 |a RU  |b 63413507  |c 20160225  |g PSBO 
942 |c BK 
959 |a 69/20071008  |d 2  |e 250,00  |f АНЛ:1  |f ЧЗТЛ:1